Music Quiz

Random Music or Kpop Quiz
Score 0/156 Timer 20:00
0 Plays Today
% Correct
Eunwoo of ASTRO
93.3%
Hyungwon of MonstaX
83.1%
Sehun of EXO
81.1%
Lucas of NCT
80.7%
Siwon of Super Junior
76%
J.Y Park
76%
Chanyeol of EXO
74.8%
June of iKon
74%
Minho of SHINee
73.6%
BM of KARD
73.6%
Ravi of VIXX
69.3%
Tao of EXO (former member)
68.1%
Sanha of ASTRO
66.9%
Johnny of NCT
65.4%
Changmin of TVXQ
63.8%
Kris Wu of EXO (former member)
63.4%
Kuanlin of WannaOne
63.4%
Mingyu of SEVENTEEN
61%
Wooseok of PENTAGON
59.8%
Kyungil of HISTORY
58.7%
Mingi of ATEEZ
57.1%
Yuto of PENTAGON
53.9%
Yanan of PENTAGON
52.8%
Yunho of ATEEZ
51.6%
Soobin of TXT
50.8%
RA.L of PLATINUM
47.2%
Seungwoo of VICTON and X1
47.2%
ZELO
45.7%
Hyuk of VIXX
45.7%
Taecyeon of 2PM
45.3%
Ayno of VAV
44.9%
Inseong of sf9
44.5%
Rain
42.9%
Shinwon of PENTAGON
42.5%
Hyungshik of ZE:A
42.5%
Ji Hansol of NewKidd
41.7%
Zuho of sf9
41.3%
Rowoon of sf9
41.3%
Sungyeol of Infinite
39.4%
VIINI
38.2%
U-Know of TVXQ
38.2%
Chansung of 2PM
36.6%
Ziu of VAV
34.3%
Lou of VAV
33.5%
Wei of UP10TION
32.7%
Byungchan of VICTON
32.3%
Jacob of VAV
31.1%
Jin.O of A.Cian
30.7%
Seoham of KNK
30.3%
Seungyoun of UNIQ and X1
30.3%
Kuhn of UP10TION
29.9%
Benji of B.I.G
27.6%
% Correct
Jihun of KNK
27.6%
Inseong of KNK
27.6%
Takuya of Cross Gene (former member)
27.2%
Jun of U-Kiss and UNB
26.4%
Jaeyoon of sf9
25.6%
Kijung of UNB
25.2%
Youjin of KNK (former member)
24%
Jungshin of CN Blue
22.4%
Shin of Cross Gene
21.7%
Hanseul of MYTEEN
20.9%
Minhyuk of CN Blue
19.7%
Kinda of ToppDogg (former member, now soloist)
15.4%
Jinwoon of 2AM (former member)
14.2%
Kogyeol of UP10TION
14.2%
Junjin of Shinhwa
14.2%
Sunwoo of Boys Republic (on hiatus)
13.8%
Seulong of 2AM
13.8%
Jaeseok of Golden Child (former member)
13%
Sunghyun of IN2IT (former member)
12.6%
Woosung of SNUPER
12.6%
Hyunsuk of CIX
12.2%
Dongwon of KNK
12.2%
Junhyuk of HOTSHOT
11%
Yixuan of UNIQ
11%
Yonghoon of ONEWE
9.8%
Ron of BigFlo (former member)
9.4%
Taewoo of g.o.d
9.1%
Dokyun of HISTORY
9.1%
Zica of JJCC
9.1%
Inhaeng of Halo
9.1%
Yechan of 1THE9
8.7%
Doeun of MASC (former member)
7.9%
Chen Xiao of VAV (former member)
7.5%
Heechun of Halo
7.1%
Siyoon
7.1%
Heojun of MADTOWN
6.7%
Yunmin of NewKidd
6.7%
Simba of JJCC
6.3%
Hyunkyung of ROMEO
5.9%
Taewoon of SPEED
5.9%
SIMS of M.I.B
5.9%
Yul of JJCC
5.5%
Sangho of SNUPER
5.5%
Gun of 14U
5.5%
Sangho of INX
5.1%
Mill of OnlyOneOf
4.7%
G:amma of AlphaBAT
4.3%
Spax of BLANC7
4.3%
Jaeyong of Halo
4.3%
E.Co of JJCC
4.3%
Oh Sae Bom of MAXXAM
4.3%
Haneul of GreatGuys
3.9%
% Correct
L.Y of ATEEN
3.5%
JL of CICI
3.5%
Dongin of GreatGuys
3.5%
Duckie of New Town Boyz
3.5%
Roh Ji Hoon
3.5%
Donghwa of K'POP
3.5%
Red of M.Pire
3.5%
Hidden of A.Cian (now soloist)
3.1%
Jaeun of ARGON
3.1%
Daewon of BNF
3.1%
Harang of BNF
3.1%
Horyeong of GreatGuys
3.1%
Yuan of N.CUS
3.1%
Changsun of The LEGEND
3.1%
Noori of SPEED
3.1%
Jay of BTL
3.1%
Yeon of BTL
3.1%
Woohyun of K'POP
3.1%
Hyeongseok of ASTIN
2.8%
Hamin of ENOi
2.8%
Gun of ENOi
2.8%
Choi of LU4US
2.8%
Lito of The LEGEND
2.8%
Jinhwan of The Man BLK
2.8%
Hyeongseok of The Man BLK
2.8%
Seungho of The Man BLK
2.8%
Kwanghaeng of SPEED
2.8%
Seulgi of A.Cian (former member)
2.8%
Sungmin of A-JAX (former member)
2.8%
Seungyub of A-JAX
2.4%
Jaewon of H.O.T
2.4%
Uiyeon of GreatGuys
2.4%
Jinwan of LU4US (former member)
2.4%
Jaeha of NTB
2.4%
Dawon of VARSITY
2.4%
Jeongyou of The Man BLK
2.4%
Sunhyeok of BEATWIN
2.4%
Baekgyeol of GreatGuys
2.4%
Dae Woong of BAIKAL
2%
Sunghyun of CICI
2%
Hwalchan of GreatGuys
2%
Haewon of LU4US
2%
Jinseo of N.TIC
2%
Se-Ung of The Man BLK
2%
Baek Seung Heon
2%
Minhyuk of ClickB
1.6%
Donghyun of LU4US
1.6%
Listen of The LEGEND
1.6%
Sungyong of The Man BLK
1.6%
Hyeon of AWEEK
1.2%
Jaehyuk of The LEGEND
0.8%
Kenmask
0.8%

You're not logged in!

Compare scores with friends on all Sporcle quizzes.
OR
Log In

Sporcle TV

Today on Sporcle TV


Watch our educational content, quiz creation guides, and fun videos on Sporcle TV.

Show Comments

Extras

Top Quizzes Today


Score Distribution

Paid Content

Your Account Isn't Verified!

In order to create a playlist on Sporcle, you need to verify the email address you used during registration. Go to your Sporcle Settings to finish the process.

Report this User

Report this user for behavior that violates our Community Guidelines.

Details: